| 000 | 00843nam0a22002531 4500 | ||
|---|---|---|---|
| 001 | v19\rc\1859376 | ||
| 005 | 20080221153849.9 | ||
| 035 | _a(NLR Aleph) 004953114 | ||
| 090 |
_a5903594 _c5903594 |
||
| 100 | _a20080221d1909 |||y0rusy50 ca | ||
| 101 | 0 | _arus | |
| 102 | _aRU | ||
| 105 | _aa z ||||| | ||
| 200 | 1 |
_aЛюцерна _fСост. уезд. агр. С. Полницкий |
|
| 210 |
_aМариуполь _cМариупол. уезд. земство _d1909 |
||
| 215 |
_a18 с. _cил. _d17 |
||
| 225 | 1 | _aКормовые травы и возделывание их на полях | |
| 700 | 1 |
_aПолницкий _bС. М. _gСергей Митрофанович _4220 |
|
| 801 | 0 |
_aRU _bNLR _gpsbo |
|
| 801 | 0 |
_aRU _bRuMoRGB _2psbo |
|
| 801 | 1 |
_aRU _bProSoft-M _2rusmarc |
|
| 852 |
_aNLR _bЗем _j12-5/4(2) |
||
| 942 | _cBOOK | ||
| 980 | _aNB | ||